书目信息 |
| 题名: |
学校体育与健康
|
|
| 作者: | 王磊 , 李豫 , 王勇 主编 | |
| 分册: | ||
| 出版信息: | 成都 西南财经大学出版社 2005.08 |
|
| 页数: | 420页 | |
| 开本: | 20cm | |
| 丛书名: | ||
| 单 册: | ||
| 中图分类: | G807.4 | |
| 科图分类: | ||
| 主题词: | 体育--ti yu--高等学校--教材 , 健康教育--jian kang jiao yu--高等学校--教材 | |
| 电子资源: | ||
| ISBN: | 7-81088-349-6 | |
| 000 | 00883nam0 2200265 450 | |
| 001 | 012006262372 | |
| 005 | 20060628154607.43 | |
| 010 | @a7-81088-349-6@dCNY22.80 | |
| 100 | @a20060610d2005 km y0chiy0120 ea | |
| 101 | 0 | @achi |
| 102 | @aCN@b510000 | |
| 105 | @aak z 000yy | |
| 200 | 1 | @a学校体育与健康@Axue xiao ti yu yu jian kang@f王勇 … [等] 主编@Fwang yong…[deng]zhu bian |
| 210 | @a成都@c西南财经大学出版社@d2005.08 | |
| 215 | @a420页@d20cm | |
| 304 | @a责任者还有:王磊, 李豫, 郭怀 | |
| 330 | @a本书包括:体育概述、体育科学原理、体育运动生理卫生知识、大学生健康教育等内容。 | |
| 606 | 0 | @a体育@Ati yu@x高等学校@j教材 |
| 606 | 0 | @a健康教育@Ajian kang jiao yu@x高等学校@j教材 |
| 690 | @aG807.4@v4 | |
| 701 | 0 | @a王磊@Awang lei@4主编 |
| 701 | 0 | @a李豫@Ali yu@4主编 |
| 701 | 0 | @a王勇@Awang yong@4主编 |
| 801 | 0 | @aCN@bQSSK@c20060628 |
| 905 | @a10447@dG807.4@eW442 | |
| 学校体育与健康/王勇 … [等] 主编.-成都:西南财经大学出版社,2005.08 |
| 420页;20cm |
| ISBN 7-81088-349-6:CNY22.80 |
| 本书包括:体育概述、体育科学原理、体育运动生理卫生知识、大学生健康教育等内容。 |
| ● |
| 相关链接 |
|
|
|
正题名:学校体育与健康
索取号:G807.4/W442
 
预约/预借
| 序号 | 登录号 | 条形码 | 馆藏地/架位号 | 状态 | 备注 |
| 1 | 582526 | 205825268 | 社科库409/409社科库 20排3列1层/ [索取号:G807.4/W442] | 在馆 | |
| 2 | 582527 | 205825277 | 社科库409/409社科库 20排3列1层/ [索取号:G807.4/W442] | 在馆 | |
| 3 | 582528 | 205825286 | 社科库409/409社科库 20排3列1层/ [索取号:G807.4/W442] | 在馆 |